000 00466nam a2200181Ia 4500
008 090123s9999 xx 000 0 und d
082 _b3667
100 _aढसाळ नामदेव
245 _aगोलपिठा
250 _a1
260 _c1974
300 _a88
600 _aढसाळ नामदेव
630 _aगोलपिठा
700 _aढसाळ नामदेव
730 _aगोलपिठा
942 _cBOOK
999 _c41746
_d41746